• 首页
  • 本馆介绍
  • 公告通知
  • 最新文献
  • 馆藏检索
  • 电子资源
  • 读者荐购
  • 参考咨询
  • CALIS
  • 我的图书馆
  • 登录
  • 详细信息显示
  • 放入我的书架
  • 预约/预借图书
  • 作者相关作品
  • 分类相关作品
  • 丛书相关作品
  • 出版社相关作品

书目信息

  • 表格格式
  • 工作单格式
  • 卡片格式
题名:
公司店铺起名策划
    
 
作者: 刘林 著
分册:  
出版信息: 兰州   甘肃文化出版社  2004.11
页数: 372页
开本: 21cm
丛书名: 起名一点通
单 册:
中图分类: K810.2
科图分类:
主题词: 姓名--xing ming--中国--手册
电子资源:
ISBN: 7-80714-030-5
 
 
 
 
 
000 00892nam 2200253 450
001 012007267437
005 20071010111309.15
010    @a7-80714-030-5@dCNY22.00
100    @a20070817d2004 km y0chiy0120 ea
101 0  @achi
102    @aCN@b620000
105    @aa z 000yy
200 1  @a公司店铺起名策划@Agong si dian pu qi ming ce hua@f刘林著@Fliu lin zhu
210    @a兰州@c甘肃文化出版社@d2004.11
215    @a372页@c图@d21cm
225 2  @a起名一点通@Aqi ming yi dian tong
300    @a特别珍藏版
330    @a本书讲述的是:纵观国内国际上著名的公司企业,他们经营的商品,无不例外的有一个成功商标品名点缀着。有的形象生动,令人牵挂;有的音律完美,朗朗上口;有的寓意得到,构思新颖,引发人的深思与遐想。
410  0 @12001 @a起名一点通
606 0  @a姓名@Axing ming@y中国@j手册
690    @aK810.2@v4
701  0 @a刘林@Aliu lin@4著
801  0 @aCN@c20071010
905    @dK810.2@eL645
    
    公司店铺起名策划/刘林著.-兰州:甘肃文化出版社,2004.11
    372页:图;21cm.-(起名一点通)
    特别珍藏版
    
    ISBN 7-80714-030-5:CNY22.00
    本书讲述的是:纵观国内国际上著名的公司企业,他们经营的商品,无不例外的有一个成功商标品名点缀着。有的形象生动,令人牵挂;有的音律完美,朗朗上口;有的寓意得到,构思新颖,引发人的深思与遐想。
●
相关链接 在E读中查询图书 在当当中查询图书 在豆瓣中查询图书


正题名:公司店铺起名策划     索取号:K810.2/L645         预约/预借

序号 登录号 条形码 馆藏地/架位号 状态 备注
1 254304   202543042   社科库309/ [索取号:K810.2/L645] 在馆    
2 254305   202543051   社科库309/309社科库 41排5列5层/ [索取号:K810.2/L645] 在馆    
3 254306   202543060   社科库309/309社科库 41排5列5层/ [索取号:K810.2/L645] 在馆    
河南城建学院图书馆 欢迎您!
大连网信软件有限公司© 版权所有